Bucket List Destinations to Country Challenge - Statistics

General Stats
  • This quiz has been taken 72 times
    62 since last reset
  • The average score is 58 of 103
Answer Stats
Destinations Country/Countries % Correct
Big Ben United Kingdom
98%
Buckingham Palace United Kingdom
98%
Niagara Falls United States / Canada
96%
Notre Dame Cathedral France
93%
The Great Wall China
91%
The Eiffel Tower France
91%
The Berlin Wall Germany
91%
Machu Pichu Peru
91%
Aurora Borealis (Northern Lights) United States / Canada / Iceland / Norway / Sweden / Finland
91%
The Sydney Opera House Australia
89%
Christ the Redeemer Brazil
89%
The Taj Mahal India
89%
The Leaning Tower of Pisa Italy
89%
The Grand Canyon United States
89%
The Louvre Museum France
87%
The Statue of Liberty United States
87%
Times Square United States
87%
The Sahara Desert Algeria / Chad / Egypt / Libya / Mali / Mauritania / Morocco / Niger / Sudan / Tunisia
85%
The Great Barrier Reef Australia
85%
The Pyramid of Giza Egypt
85%
The Nile Egypt / Sudan / South Sudan / Ethiopia / Uganda / DRC / Kenya / Tanzania / Rwanda / Burundi / Eritrea
85%
Versailles France
85%
Stonehenge United Kingdom
85%
The Himalayas Afghanistan / Bhutan / China / India / Nepal / Myanmar / Pakistan / Tajikistan
83%
Aurora Australis (Southern Lights) Chile / Argentina / New Zealand / Australia.
83%
Pompeii Italy
83%
Loch Ness United Kingdom
83%
The Golden Gate Bridge United States
83%
Angkor Wat Cambodia
81%
Ganges River in Varanasi India
81%
Mount Fuji Japan
81%
Vesuvius Italy
80%
Burj Khalifa United Arab Emirates
80%
Mount Rushmore United States
80%
The Acropolis Greece
78%
Kilimanjaro Tanzania
76%
Tianmen Mountain China
72%
The Black Forest Germany
72%
Easter Island Chile
70%
The Forbidden City China
70%
Saint Basil’s Cathedral & the Red Square Russia
70%
The Sistine Chapel Vatican
70%
Chichen Itza Mexico
67%
Uluru (Ayer's Rock) Australia
65%
The Galapagos Islands Ecuador
65%
Mont Saint-Michel France
65%
Sequoia National Park United States
65%
Patagonia Chile / Argentina
63%
The Dead Sea Israel
63%
Petra Jordan
63%
The Matterhorn Switzerland
63%
Hagia Sophia Turkey
63%
Banff National Park Canada
61%
Al-Masjid an-Nabawi Saudi Arabia
61%
Arches National Park United States
61%
La Sagrada Familia Spain
59%
Zhangjiajie National Forest Park China
57%
St. Peter’s Basilica Vatican
57%
Iguazu Falls Argentina / Brazil
56%
Komodo Island Indonesia
56%
The Great Mosque of Cordoba Spain
54%
Cinque Terre Italy
52%
Meiji Jingu Shrine Japan
52%
Timbuktu Mali
52%
Ha Long Bay Vietnam
52%
Sensoji Temple Japan
50%
Angel Falls Venezuela
50%
The Wailing/Western Wall Israel
48%
Serengeti National Park Tanzania
48%
The Cliffs of Moher Ireland
46%
Giant’s Causeway United Kingdom
46%
Victoria Falls Zambia / Zimbabwe
46%
Tsim Sha Tsui China
44%
The Great Blue Hole Belize
39%
Lake Victoria Uganda
37%
Jeju Island South Korea
35%
The Golden Temple India
33%
Ngorongoro Crater Tanzania
28%
Salar de Uyuni Bolivia
26%
Jemaa el-Fnaa Square Morocco
26%
Trolltunga Norway
26%
The Summer Palace China
24%
Rainbow Mountain Peru
24%
Ijen Volcano Indonesia
19%
The Waitomo Glowworm Caves New Zealand
19%
El Yunque National Forest United States
19%
Potala Palace China
17%
Huacachina Peru
17%
Lençóis Maranhenses National Park Brazil
15%
Mount Bromo Indonesia
15%
Temples of Bagan Myanmar
15%
The Grand Palace Thailand
15%
Spencer Lake Australia
13%
Zocalo Mexico
13%
Pulpit Rock Norway
13%
Pamukkale Turkey
13%
Verdon Gorge France
11%
Copper Canyon Mexico
9%
Paricutin Volcano Mexico
9%
Marble Caves Chile
7%
Gobustan Mud Volcanoes Azerbaijan
6%
Jeita Grotto Lebanon
2%
The Blyde River Canyon South Africa
0%
No matching quizzes found
Score Distribution
Percent of People with Each Score
Percentile by Number Answered
Your Score History
You have not taken this quiz since the last reset